Normal view
MARC view
- Daniel M Dunn
Entry Personal Name
001 - CONTROL NUMBER
- control field: 29670
003 - CONTROL NUMBER IDENTIFIER
- control field: NUST
005 - DATE AND TIME OF LATEST TRANSACTION
- control field: 20200831160314.0
008 - FIXED-LENGTH DATA ELEMENTS
- fixed length control field: 200831|| aca||aabn | a|a d
040 ## - CATALOGING SOURCE
- Original cataloging agency: NUST
- Transcribing agency: NUST
100 ## - HEADING--PERSONAL NAME
- Personal name: Daniel M Dunn
670 ## - SOURCE DATA FOUND
- Source citation: Work cat.: (NUST): Daniel M Dunn, Communication: Embracing Difference - 5th Edition, c2019
